Technologická platobná bilancia
Uložené v:
| Hlavný autor: | |
|---|---|
| Médium: | Kniha |
| Jazyk: | Slovak |
| Vydavateľské údaje: |
Bratislava
Prognostický ústav SAV
2005
|
| Edícia: | Pracovné materiály
č. 13 |
| Predmet: | |
| Tagy: |
Žiadne tagy, Buďte prvý, kto otaguje tento záznam!
|
MARC
| LEADER | 00000nam$a2200000$$$4500 | ||
|---|---|---|---|
| 001 | 0053101 | ||
| 005 | 20240503084917.1 | ||
| 022 | |a 0862-9137 | ||
| 041 | 0 | |a slo | |
| 044 | |a SK | ||
| 245 | 1 | 0 | |a Technologická platobná bilancia |c Silvester Sališ |
| 264 | 1 | |a Bratislava |b Prognostický ústav SAV |c 2005 | |
| 300 | |a 30 s. | ||
| 490 | 1 | |a Pracovné materiály |v č. 13 | |
| 830 | 0 | |a Pracovné materiály |v č. 13 | |
| 610 | 2 | 0 | |a bilancia platobná |
| 610 | 2 | 0 | |a technológia |
| 610 | 2 | 0 | |a transfer technológie |
| 610 | 2 | 0 | |a výskum |
| 610 | 2 | 0 | |a vývoj |
| 610 | 2 | 0 | |a hospodárstvo svetové |
| 610 | 2 | 0 | |a porovnanie medzinárodné |
| 610 | 2 | 0 | |a Slovensko |
| 100 | 1 | |a Sališ, Silvester | |